=LDR 00000nam 2200000 4500 =001 INLIS000000000002422 =005 20240823091452 =035 ##$$a 0010-0824000046 =007 ta =008 240823###########################0#ind## =020 ##$$a 9789794932308 =082 ##$$a 307.72 =084 ##$$a 307.72 GUR p =245 1#$$a Pembangunan Perdesaan dalam Rangka Peningkatan Kesejahteraan Masyarakat /$c M. A. Chozin (Penyunting) =260 ##$$a Bogor :$b IPB Press,$c 2010 =300 ##$$a 538 hlm : $b - ; $c 24 cm$e - =650 #4$$a Pembangunan =110 #$$a Guru Besar PT BHMN =520 ##$$a Tulisan ini merupakan kontribusi nyata pemikiran aktual para guru besar dari PT BHMN (IPB, UI, UGM, ITB, UPI, dan USU) tentang pembangunan perdesaan, yang pertama merupakan manifestasi peran aktif perguruan tinggi dalam tiga aspek =990 ##$$a B-2020-00086 =990 ##$$a B-2020-00085